<?xml version="1.0" encoding="UTF-8"?>
<record
    xmlns:xsi="http://www.w3.org/2001/XMLSchema-instance"
    xsi:schemaLocation="http://www.loc.gov/MARC21/slim http://www.loc.gov/standards/marcxml/schema/MARC21slim.xsd"
    xmlns="http://www.loc.gov/MARC21/slim">

  <leader>03809njm a2200637Ia 4500</leader>
  <controlfield tag="001">61855</controlfield>
  <controlfield tag="003">IT-RoPAU</controlfield>
  <controlfield tag="005">20220918181119.0</controlfield>
  <controlfield tag="008">131025s9999    xx            000 0 und d</controlfield>
  <datafield tag="040" ind1=" " ind2=" ">
    <subfield code="a">IT-RoPAU</subfield>
  </datafield>
  <datafield tag="040" ind1=" " ind2=" ">
    <subfield code="c">IT-RoPAU</subfield>
  </datafield>
  <datafield tag="999" ind1=" " ind2=" ">
    <subfield code="c">99613</subfield>
    <subfield code="d">99613</subfield>
  </datafield>
  <datafield tag="999" ind1=" " ind2=" ">
    <subfield code="b">n.d.</subfield>
  </datafield>
  <datafield tag="100" ind1=" " ind2=" ">
    <subfield code="a">AA.VV.</subfield>
    <subfield code="9">794</subfield>
  </datafield>
  <datafield tag="100" ind1=" " ind2=" ">
    <subfield code="e">Autore musica</subfield>
    <subfield code="9">23184</subfield>
  </datafield>
  <datafield tag="100" ind1=" " ind2=" ">
    <subfield code="g">Codice autore musica SPICS: 12000</subfield>
    <subfield code="9">796</subfield>
  </datafield>
  <datafield tag="245" ind1=" " ind2=" ">
    <subfield code="a">Radio Days-Selections From The Soudtrack of The Motion Picture (Lp 83017)</subfield>
  </datafield>
  <datafield tag="250" ind1=" " ind2=" ">
    <subfield code="a">1a ed.</subfield>
  </datafield>
  <datafield tag="260" ind1=" " ind2=" ">
    <subfield code="a">NEW YORK</subfield>
  </datafield>
  <datafield tag="260" ind1=" " ind2=" ">
    <subfield code="b">RCA RECORDS</subfield>
    <subfield code="c">1987 [1a Ed.:1987 - Ed. Lingua Orig.: 1987]</subfield>
  </datafield>
  <datafield tag="300" ind1=" " ind2=" ">
    <subfield code="a">DISCO</subfield>
  </datafield>
  <datafield tag="300" ind1=" " ind2=" ">
    <subfield code="c">38 minuti (Testo:  pag.)</subfield>
  </datafield>
  <datafield tag="500" ind1=" " ind2=" ">
    <subfield code="a">Colonna sonora. Musica da film.</subfield>
  </datafield>
  <datafield tag="505" ind1=" " ind2=" ">
    <subfield code="a">Opus One [(Dorsey Tommy) (3:00)] - Frenesi [(Shaw Artie) (4:00)] - The Donkey Serenade (4:00) - You and I [(Dorsey Tommy) (3:00)] - Remember Pearl Harbor [(Kaye S.) (3:00)] - That Old Feeling (3:00) - The White Cliffs of Dover [(There'll Be Blue Birds Over) (Miller Glenn) (3:00)] - Goodbye [(Goodman Benny) (4:00)] - I'm Gettin' Sentimental Over You (4:00) - American Patrol (4:00) - Take the "A Train" (3:00) - One, Two, Three Kick (3:00)</subfield>
  </datafield>
  <datafield tag="511" ind1=" " ind2=" ">
    <subfield code="a">Tommy Dorsey and His Orchestra</subfield>
  </datafield>
  <datafield tag="511" ind1=" " ind2=" ">
    <subfield code="a">Artie Shaw and His Orchestra</subfield>
  </datafield>
  <datafield tag="511" ind1=" " ind2=" ">
    <subfield code="a">Jones Allan: tenore; Shilkret Nathaniel: direttore d'orchestra</subfield>
  </datafield>
  <datafield tag="511" ind1=" " ind2=" ">
    <subfield code="a">Tommy Dorsey and His Orchestra; Frank Sinatra Vocal</subfield>
  </datafield>
  <datafield tag="511" ind1=" " ind2=" ">
    <subfield code="a">Sammy Kaye, Vocal By Glee Club</subfield>
  </datafield>
  <datafield tag="511" ind1=" " ind2=" ">
    <subfield code="a">Guy Lombardo and His Royal Canadians</subfield>
  </datafield>
  <datafield tag="511" ind1=" " ind2=" ">
    <subfield code="a">Glenn Miller and His Orchestra; Ray Eberle: Vocal</subfield>
  </datafield>
  <datafield tag="511" ind1=" " ind2=" ">
    <subfield code="a">Benny Goodman and His Orchestra; Helen Ward: Vocal</subfield>
  </datafield>
  <datafield tag="511" ind1=" " ind2=" ">
    <subfield code="a">Gordon Jenkins, Tommy Dorsey and His Orchestra</subfield>
  </datafield>
  <datafield tag="511" ind1=" " ind2=" ">
    <subfield code="a">Glenn Miller and His Orchestra</subfield>
  </datafield>
  <datafield tag="511" ind1=" " ind2=" ">
    <subfield code="a">Duke Ellington and His Orchestra</subfield>
  </datafield>
  <datafield tag="511" ind1=" " ind2=" ">
    <subfield code="a">Xavier Cugat and His Waldorf-Astoria Orchestra</subfield>
  </datafield>
  <datafield tag="650" ind1=" " ind2=" ">
    <subfield code="a">COLONNA SONORA [DISCHI]</subfield>
    <subfield code="e">Codice MATERIA SPICS: 9950</subfield>
    <subfield code="9">23185</subfield>
  </datafield>
  <datafield tag="700" ind1=" " ind2=" ">
    <subfield code="a">Oliver Sy</subfield>
    <subfield code="d">Codice autore musica SPICS: 13026</subfield>
    <subfield code="e">Autore musica</subfield>
    <subfield code="p">Opus One</subfield>
    <subfield code="9">23186</subfield>
  </datafield>
  <datafield tag="700" ind1=" " ind2=" ">
    <subfield code="a">Dominguez A.</subfield>
    <subfield code="d">Codice autore musica SPICS: 21793</subfield>
    <subfield code="e">Autore musica</subfield>
    <subfield code="p">Frenesi</subfield>
    <subfield code="9">23187</subfield>
  </datafield>
  <datafield tag="700" ind1=" " ind2=" ">
    <subfield code="a">Forrest</subfield>
    <subfield code="d">Codice autore musica SPICS: 21794</subfield>
    <subfield code="e">Autore musica</subfield>
    <subfield code="p">The Donkey Serenade</subfield>
    <subfield code="9">23188</subfield>
  </datafield>
  <datafield tag="700" ind1=" " ind2=" ">
    <subfield code="a">Frimi</subfield>
    <subfield code="d">Codice autore SPICS: 21795</subfield>
    <subfield code="e">Autore</subfield>
    <subfield code="p">The Donkey Serenade</subfield>
    <subfield code="9">23189</subfield>
  </datafield>
  <datafield tag="700" ind1=" " ind2=" ">
    <subfield code="a">Wright</subfield>
    <subfield code="d">Codice autore testo/musica SPICS: 21796</subfield>
    <subfield code="e">Autore testo/musica</subfield>
    <subfield code="p">The Donkey Serenade</subfield>
    <subfield code="9">23190</subfield>
  </datafield>
  <datafield tag="700" ind1=" " ind2=" ">
    <subfield code="a">Wilson Meredith</subfield>
    <subfield code="d">Codice autore musica SPICS: 21797</subfield>
    <subfield code="e">Autore musica</subfield>
    <subfield code="p">You and I</subfield>
    <subfield code="9">23191</subfield>
  </datafield>
  <datafield tag="700" ind1=" " ind2=" ">
    <subfield code="a">Reid D.</subfield>
    <subfield code="d">Codice autore musica SPICS: 21798</subfield>
    <subfield code="e">Autore musica</subfield>
    <subfield code="p">Remember Pearl Harbor</subfield>
    <subfield code="9">23192</subfield>
  </datafield>
  <datafield tag="700" ind1=" " ind2=" ">
    <subfield code="a">Kaye S.</subfield>
    <subfield code="d">Codice autore SPICS: 21799</subfield>
    <subfield code="e">Autore</subfield>
    <subfield code="p">Remember Pearl Harbor</subfield>
    <subfield code="9">23193</subfield>
  </datafield>
  <datafield tag="700" ind1=" " ind2=" ">
    <subfield code="a">Brown L.</subfield>
    <subfield code="d">Codice autore musica SPICS: 21800</subfield>
    <subfield code="e">Autore musica</subfield>
    <subfield code="p">That Old Feeling</subfield>
    <subfield code="9">23194</subfield>
  </datafield>
  <datafield tag="700" ind1=" " ind2=" ">
    <subfield code="a">Fain Sammy</subfield>
    <subfield code="d">Codice autore SPICS: 14147</subfield>
    <subfield code="e">Autore</subfield>
    <subfield code="p">That Old Feeling</subfield>
    <subfield code="9">23195</subfield>
  </datafield>
  <datafield tag="700" ind1=" " ind2=" ">
    <subfield code="a">Burton N.</subfield>
    <subfield code="d">Codice autore musica SPICS: 21787</subfield>
    <subfield code="e">Autore musica</subfield>
    <subfield code="p">The White Cliffs of Dover (There'll Be Blue Birds Over)</subfield>
    <subfield code="9">23196</subfield>
  </datafield>
  <datafield tag="700" ind1=" " ind2=" ">
    <subfield code="a">Kent W.</subfield>
    <subfield code="d">Codice autore SPICS: 21788</subfield>
    <subfield code="e">Autore</subfield>
    <subfield code="p">The White Cliffs of Dover (There'll Be Blue Birds Over)</subfield>
    <subfield code="9">23197</subfield>
  </datafield>
  <datafield tag="700" ind1=" " ind2=" ">
    <subfield code="a">Jenkins G.</subfield>
    <subfield code="d">Codice autore musica SPICS: 21789</subfield>
    <subfield code="e">Autore musica</subfield>
    <subfield code="p">Goodbye</subfield>
    <subfield code="9">23198</subfield>
  </datafield>
  <datafield tag="700" ind1=" " ind2=" ">
    <subfield code="a">Washington Ned</subfield>
    <subfield code="d">Codice autore musica SPICS: 16091</subfield>
    <subfield code="e">Autore musica</subfield>
    <subfield code="p">I'm Gettin' Sentimental Over You</subfield>
    <subfield code="9">23199</subfield>
  </datafield>
  <datafield tag="700" ind1=" " ind2=" ">
    <subfield code="a">Bassman G.</subfield>
    <subfield code="d">Codice autore SPICS: 21790</subfield>
    <subfield code="e">Autore</subfield>
    <subfield code="p">I'm Gettin' Sentimental Over You</subfield>
    <subfield code="9">23200</subfield>
  </datafield>
  <datafield tag="700" ind1=" " ind2=" ">
    <subfield code="a">Meacham F.W.</subfield>
    <subfield code="d">Codice autore musica SPICS: 21791</subfield>
    <subfield code="e">Autore musica</subfield>
    <subfield code="p">American Patrol</subfield>
    <subfield code="9">23201</subfield>
  </datafield>
  <datafield tag="700" ind1=" " ind2=" ">
    <subfield code="a">Strayhorn Billy</subfield>
    <subfield code="d">Codice autore musica SPICS: 16295</subfield>
    <subfield code="e">Autore musica</subfield>
    <subfield code="p">Take the "A Train"</subfield>
    <subfield code="9">23202</subfield>
  </datafield>
  <datafield tag="700" ind1=" " ind2=" ">
    <subfield code="a">Cugat X.</subfield>
    <subfield code="d">Codice autore musica SPICS: 21792</subfield>
    <subfield code="e">Autore musica</subfield>
    <subfield code="p">One, Two, Three Kick</subfield>
    <subfield code="9">23203</subfield>
  </datafield>
  <datafield tag="942" ind1=" " ind2=" ">
    <subfield code="c">MD</subfield>
    <subfield code="2">ddc</subfield>
  </datafield>
  <datafield tag="952" ind1=" " ind2=" ">
    <subfield code="0">0</subfield>
    <subfield code="1">0</subfield>
    <subfield code="4">0</subfield>
    <subfield code="6">61855_000000000000000</subfield>
    <subfield code="7">1</subfield>
    <subfield code="a">SPICS</subfield>
    <subfield code="b">SPICS</subfield>
    <subfield code="d">2013-10-25</subfield>
    <subfield code="l">0</subfield>
    <subfield code="o">61855</subfield>
    <subfield code="r">2013-10-25 00:00:00</subfield>
    <subfield code="w">2013-10-25</subfield>
    <subfield code="y">MD</subfield>
    <subfield code="z">Progr. Ins.: 15760 / N.Vol.: 1 / Copie: 1 - Copia rara: n.d. / date import: 01.01.2014 - By Epidotti, Trombetti, Vaglietti</subfield>
  </datafield>
</record>
